Wind environment around buildings (Record no. 86646)

MARC details
000 -LEADER
fixed length control field 00474cam a2200205 4500
001 - CONTROL NUMBER
control field D7817
008 - FIXED-LENGTH DATA ELEMENTS--GENERAL INFORMATION
fixed length control field 090401t1975 xxu||||| |||| 00| 0 eng d
035 ## - SYSTEM CONTROL NUMBER
System control number (Sirsi) u9618
041 ## - LANGUAGE CODE
Language code of text/sound track or separate title eng
050 ## - LIBRARY OF CONGRESS CALL NUMBER
Classification number 624.175
100 ## - MAIN ENTRY--PERSONAL NAME
Personal name Penwarden, A.D.
245 ## - TITLE STATEMENT
Title Wind environment around buildings
260 ## - PUBLICATION, DISTRIBUTION, ETC.
Place of publication, distribution, etc. London
Name of publisher, distributor, etc. HMSO
Date of publication, distribution, etc. 1975
300 ## - PHYSICAL DESCRIPTION
Extent vii. 52p. ill. 30cm
350 ## - PRICE (NR) (BK AM CF MU VM SE) [OBSOLETE]
Price 2.5
490 ## - SERIES STATEMENT
Series statement BRE Report
700 ## - ADDED ENTRY--PERSONAL NAME
Personal name Wise, A.F.E.
942 ## - ADDED ENTRY ELEMENTS (KOHA)
Suppress in OPAC 0
948 ## - LOCAL PROCESSING INFORMATION (OCLC); SERIES PART DESIGNATOR (RLIN)
c (OCLC) 04/03/1997
Holdings
Withdrawn status Lost status Source of classification or shelving scheme Damaged status Not for loan Home library Current library Shelving location Date acquired Cost, normal purchase price Total Checkouts Full call number Barcode Date last seen Copy number Cost, replacement price Price effective from Koha item type
    Dewey Decimal Classification     London London Folio 14/09/1999 2.50   F624.175 30004493 06/08/2019 1 2.50 06/08/2019 Book